TV Shows: Characters in Leather Quiz Stats

 Plays Quiz Updated Jul 11, 2017

Support Sporcle.
Go Orange.
Score 0/24 Timer 07:00
0 Plays Today
% Correct
Game of Thrones
86.2%
Happy Days
79.5%
The Big Bang Theory
79.3%
Modern Family
76.2%
The Sopranos
75.8%
The Walking Dead
73.5%
Sons of Anarchy
70.3%
The Mindy Project
58.5%
Homeland
50.9%
Castle
48.8%
Once Upon a Time
46.9%
The Wire
46.4%
% Correct
True Blood
45.2%
Veronica Mars
42.3%
Glee
42.1%
The Vampire Diaries
32.9%
Rizzoli & Isles
30.3%
Lost
27.5%
Blindspot
26.8%
Quantico
24.7%
The Good Wife
21.8%
True Detective
20.4%
The Night Of
16.8%
Unforgettable
11.4%

You're not logged in!

Compare scores with friends on all Sporcle quizzes.
OR
Log In
Forgot?

From the Vault

80% Movie Titles

by Pilgab

20% weird subtitles.
Remove Ads.
Support Sporcle.
Get the best of Sporcle when you Go Orange. This ad-free experience offers more features, more stats, and more fun while also helping to support Sporcle. Thank you for becoming a member.

Show Comments

Extras

Top Quizzes Today


Score Distribution

Your Account Isn't Verified!

In order to create a playlist on Sporcle, you need to verify the email address you used during registration. Go to your Sporcle Settings to finish the process.

Report this User

Report this user for behavior that violates our Community Guidelines.

Details: